Del primato morale e civile degli italiani / (Record no. 68801)

MARC details
000 -LEADER
campo de control de longitud fija 00551nam a22001815i 4500
001 - NÚMERO DE CONTROL
campo de control 68801
003 - IDENTIFICADOR DE NÚMERO DE CONTROL
campo de control ES-MaACL
005 - FECHA Y HORA DE LA ÚLTIMA TRANSACCIÓN
campo de control 20230906170352.0
007 - CAMPO FIJO DE DESCRIPCIÓN FÍSICA--INFORMACIÓN GENERAL
campo de control de longitud fija t|
008 - DATOS DE LONGITUD FIJA--INFORMACIÓN GENERAL
campo de control de longitud fija 960829s1844 sz ||||1| ita d
040 ## - FUENTE DE CATALOGACIÓN
Centro catalogador/agencia de origen CAM
Lengua de catalogación spa
Centro/agencia transcriptor CAM
100 1# - ENTRADA PRINCIPAL--NOMBRE DE PERSONA
Nombre de persona Gioberti, Vincenzo.
9 (RLIN) 57153
245 10 - MENCIÓN DEL TÍTULO
Título Del primato morale e civile degli italiani /
Mención de responsabilidad, etc. per Vincenzo Gioberti.
260 ## - PUBLICACIÓN, DISTRIBUCIÓN, ETC.
Lugar de publicación, distribución, etc. Capolago :
Nombre del editor, distribuidor, etc. [s.n.],
Fecha de publicación, distribución, etc. 1844 (
Fabricante Tipografia elvetica)
300 ## - DESCRIPCIÓN FÍSICA
Extensión 2 v. (505; 620 p.) ;
Dimensiones 22 cm.
651 ## - PUNTO DE ACCESO ADICIONAL DE MATERIA--NOMBRE GEOGRÁFICO
Nombre geográfico Italia-
Subdivisión general Civilización.
9 (RLIN) 162968
852 ## - LOCALIZACIÓN
Ubicación ES-MaACL
Número de control de estantería G-10828-29
Holdings
Estatus retirado Estado de pérdida Estado de daño No para préstamo Colección Biblioteca de origen Biblioteca actual Ubicación en estantería Fecha de adquisición Fuente de adquisición Total de préstamos Signatura topográfica completa Código de barras Visto por última vez Precio de reemplazo Tipo de ítem Koha
        Libros del s. XIX Biblioteca del Ateneo de Madrid Biblioteca del Ateneo de Madrid Sala Pecera Planta 3 17/01/2008     G-10828-29 1072037 23/02/2023 23/02/2023 Libro impreso antiguo